University Home | Library Home | Institutional Repository

Clinical pharmacology made ridiculously simple / (Record no. 35400)

MARC details
000 -LEADER
fixed length control field 00507cam a2200169 4500
008 - FIXED-LENGTH DATA ELEMENTS--GENERAL INFORMATION
fixed length control field 130416n 000 0 eng u
020 ## - INTERNATIONAL STANDARD BOOK NUMBER
International Standard Book Number 0940780178
035 ## - SYSTEM CONTROL NUMBER
System control number (Sirsi) a178682
050 ## - LIBRARY OF CONGRESS CALL NUMBER
Classification number RM 301.28 OLS 1992
100 ## - MAIN ENTRY--PERSONAL NAME
Personal name Olson, James M.
245 ## - TITLE STATEMENT
Title Clinical pharmacology made ridiculously simple /
Statement of responsibility, etc. James M. Olson.
260 ## - PUBLICATION, DISTRIBUTION, ETC.
Place of publication, distribution, etc. Miami, FL :
-- MedMaster,
-- c1992.
300 ## - PHYSICAL DESCRIPTION
Extent ix, 162 p. :
Other physical details ill.
500 ## - GENERAL NOTE
General note Includes index.
650 ## - SUBJECT ADDED ENTRY--TOPICAL TERM
Topical term or geographic name entry element Clinical pharmacology.
650 ## - SUBJECT ADDED ENTRY--TOPICAL TERM
Topical term or geographic name entry element Pharmacology.
Holdings
Withdrawn status Lost status Source of classification or shelving scheme Damaged status Not for loan Home library Current library Shelving location Total Checkouts Total Renewals Full call number Barcode Date last seen Date last checked out Copy number Price effective from Koha item type
    Library of Congress Classification     Medical Library Medical Library On Shelf 3 1 RM 301.28 OLS 1992 33729005165399 05/07/2024 04/23/2024 1 08/13/2019 Book
© 2026 - The University of Zambia Library - Koha v25.11